000 00276nam a22000977a 4500
082 _a954.9355
_bGHQ
245 _aPakistan Army Green Book 2016/
_cGHQ; General Headquarters:
260 _aGHQ; General Headquarters :
_bRawalpindi,
_c2017.
300 _a168p. :
942 _2ddc
_cREF
999 _c610532
_d610532